Prueba de La Rioja - Estadísticas

Estadísticas generales
  • Esta prueba ha sido intentada 22 veces
  • La puntuación promedio es 9 de 16
Estadísticas de respuestas
Pregunta Respuesta % Correcto
Capital de la comunidad Logroño
100%
Producto por el que es más famosa La Rioja. Se trata de uno de los motores de su economía. Vino
100%
¿Qué otro país tiene también una región y ciudad llamada La Rioja? Argentina
95%
Una de las localidades más pobladas de La Rioja. Es famosa por sus viñedos y sus bodegas. Haro
79%
Plato típico de la cocina riojana, se elabora con tubérculos, chorizo y pimentón. Patatas a la Riojana
79%
Localidad famosa por su casco histórico, su catedral, sus conventos y sus abadías. Fue escenario de un famoso milagro que involucraba a un peregrino, un gallo y una gallina. Santo Domingo de la Calzada
74%
Actor, humorista, dramaturgo, escritor y poeta nacido en la capital. Famoso por sus actuaciones como clown en programas de televisión en directo, así como series como Aída y películas como la saga Mortadelo y Filemón. Pepe Viyuela
68%
Este monasterio riojano alberga uno de los escritorios más antiguos del mundo. En él encontramos las primeras palabras escritas en castellano. Es conocido como "La Cuna de La Lengua". San Millán de la Cogolla
63%
Ex futbolista y entrenador nacido en Haro. Ha ganado dos ligas, una copa y una supercopa como jugador del Athletic Club, y una Nations League y una Eurocopa como seleccionador nacional. Luís de la Fuente
58%
Ex futbolista criado en El Rincón del Soto. Campeón del Mundial, de la Eurocopa, de la Serie A y de la Europa League entre otros títulos. Fernando Llorente
53%
Fruta cuyo cultivo es bastante común en la comunidad. Un postre típico consiste en servirla pelada y cocida en vino tinto. Pera
37%
Término de común uso en La Rioja y alrededores que se utiliza para denominar a una persona muy pesada o insistente. Canso
16%
Actor nacido en Albelda de Iregua. Saltó a la fama con la película Torrente y con la serie 7 Vidas. Ha trabajado recurrentemente con directores de prestigio como Pedro Almodóvar, Isabel Coixet o Fernando Trueba. Javier Cámara
16%
Bebida alcohólica originaria de la comunidad. Su base es el vino tinto, al que se le añade fruta, azúcar y canela. Zurracapote
11%
Cadena montañosa que separa La Rioja de las vecinas provincias de Soria y Burgos. Sierra de Urbión
5%
Dulce de hojaldre relleno de crema de almendra. Ahorcadito
0%
No se encontraron pruebas coincidentes
Distribución de puntuación
Porcentaje de gente con cada puntuación
Porcentaje por número respondido
Historial de tus puntuaciones
No has intentado esta prueba.